[Event "XIII Konik Morski Rewala - Open B"]
[Site "Rewal"]
[Date "2008.08.20"]
[Round "1"]
[White "Czaja, Roman"]
[Black "Misztal, Piotr"]
[Result "1/2-1/2"]
[WhiteElo "2115"]
[BlackElo "1806"]
[PlyCount "73"]
[EventDate "2008.??.??"]

1. d4 Nf6 2. c4 g6 3. Nc3 Bg7 4. e4 O-O 5. Be3 d6 6. f3 Nc6 7. Qd2 a6 8. Nge2
Rb8 9. Nc1 e5 10. Nb3 exd4 11. Nxd4 Ne5 12. Be2 c5 13. Nc2 Be6 14. b3 Qa5 15.
Nd5 Qxd2+ 16. Bxd2 b5 17. Bg5 Bxd5 18. cxd5 c4 19. Rb1 Rbc8 20. Kd2 h6 21. Bh4
g5 22. Bf2 Nh5 23. g3 f5 24. exf5 Rxf5 25. Nd4 Rf7 26. f4 Nf6 27. fxe5 Ne4+ 28.
Ke3 Nxf2 29. e6 Bxd4+ 30. Kxd4 Rf5 31. Rhf1 c3 32. Bg4 Rf6 33. Bh5 c2 34. Rbc1
Kf8 35. Ke3 Nd1+ 36. Rfxd1 cxd1=N+ 37. Rxd1 1/2-1/2

[Event "XIII Konik Morski Rewala - Open B"]
[Site "Rewal"]
[Date "2008.08.20"]
[Round "1"]
[White "Malec, Sebastian"]
[Black "Brudzinski, Maciej"]
[Result "1/2-1/2"]
[WhiteElo "1798"]
[BlackElo "2092"]
[PlyCount "123"]
[EventDate "2008.??.??"]

1. e4 c5 2. Nf3 Nf6 3. e5 Nd5 4. c4 Nb4 5. a3 N4c6 6. Nc3 g6 7. Ne4 Qb6 8. b4
cxb4 9. d4 Bg7 10. c5 Qc7 11. axb4 Nxb4 12. Qb3 N8a6 13. Bc4 O-O 14. Nfg5 e6
15. Nxh7 Bxe5 16. Nhf6+ Bxf6 17. Nxf6+ Kg7 18. Ng4 Rh8 19. Bg5 Kf8 20. Bxa6
Nxa6 21. Bf6 Rh5 22. O-O b6 23. Be5 Qc6 24. Bd6+ Kg7 25. Qc3 Qd5 26. Be5+ Rxe5
27. dxe5 Bb7 28. Qh3 Rh8 29. Qg3 Nxc5 30. Rfd1 Qe4 31. Nf6 Qf5 32. Rxa7 Bc6 33.
Raa1 Ne4 34. Nxe4 Qxe4 35. Re1 Qf5 36. Rab1 Rh5 37. f4 b5 38. Rb2 Rh8 39. h3
Ra8 40. Qg5 Qd3 41. Rf2 b4 42. f5 exf5 43. Qf6+ Kg8 44. Kh2 Qd4 45. Ref1 Qe4
46. g4 Re8 47. gxf5 Qxe5+ 48. Qxe5 Rxe5 49. fxg6 fxg6 50. Rf8+ Kg7 51. R1f7+
Kh6 52. Rh8+ Kg5 53. Kg3 Re3+ 54. Kf2 Rd3 55. h4+ Kg4 56. Rf6 Be4 57. h5 Rh3
58. Rhf8 g5 59. Rb6 b3 60. Rb4 d5 61. h6 Rxh6 62. Rxb3 1/2-1/2

[Event "XIII Konik Morski Rewala - Open B"]
[Site "Rewal"]
[Date "2008.08.20"]
[Round "1"]
[White "Kumor, Lukasz"]
[Black "Furman, Justyna"]
[Result "1-0"]
[WhiteElo "2064"]
[BlackElo "1785"]
[PlyCount "51"]
[EventDate "2008.??.??"]

1. e4 e6 2. d4 d5 3. Nc3 dxe4 4. Nxe4 Nd7 5. Nf3 Ngf6 6. Nxf6+ Nxf6 7. Bg5 Be7
8. Bd3 h6 9. Bh4 c5 10. Qe2 cxd4 11. Bb5+ Bd7 12. O-O-O Qa5 13. Bxd7+ Nxd7 14.
Bxe7 Kxe7 15. Kb1 Rhc8 16. Rxd4 Qc5 17. Rhd1 Nf6 18. Ne5 Rc7 19. f4 Rac8 20. c3
b5 21. g4 b4 22. Rxb4 Nd5 23. Rbd4 Nb6 24. f5 Kf6 25. fxe6 fxe6 26. Qf2+ 1-0

[Event "XIII Konik Morski Rewala - Open B"]
[Site "Rewal"]
[Date "2008.08.20"]
[Round "1"]
[White "Zadlo, Anna"]
[Black "Plicner, Adam"]
[Result "1/2-1/2"]
[WhiteElo "1785"]
[BlackElo "2060"]
[PlyCount "51"]
[EventDate "2008.??.??"]

1. e4 c5 2. c3 d5 3. exd5 Qxd5 4. d4 cxd4 5. Nf3 Nc6 6. Na3 Bg4 7. Be2 e5 8.
Nb5 O-O-O 9. cxd4 Bxf3 10. gxf3 exd4 11. Bd3 Re8+ 12. Kf1 Nh6 13. Bf4 Re5 14.
Rc1 Kd8 15. Bc4 Qd7 16. Bxe5 Nxe5 17. Qxd4 Qxd4 18. Nxd4 Bc5 19. Nb3 Bb6 20.
Bd5 Nd3 21. Rc2 Re8 22. Be4 Nf4 23. Bxb7 Re6 24. Rg1 g6 25. Rc8+ Ke7 26. Rc2
1/2-1/2

[Event "XIII Konik Morski Rewala - Open B"]
[Site "Rewal"]
[Date "2008.08.20"]
[Round "1"]
[White "Czarnecki, Wojciech"]
[Black "Suwara, Piotr"]
[Result "1-0"]
[WhiteElo "2056"]
[BlackElo "1778"]
[PlyCount "121"]
[EventDate "2008.??.??"]

1. c4 {[%emt 0:00:00]} d5 {[%emt 0:00:00]} 2. d4 {[%emt 0:00:00]} dxc4 {
[%emt 0:00:10]} 3. e3 {[%emt 0:00:00]} e5 {[%emt 0:00:00]} 4. Nf3 {
[%emt 0:00:05]} e4 {[%emt 0:00:00]} 5. Nfd2 {[%emt 0:00:06]} Nf6 {
[%emt 0:00:00]} 6. Bxc4 {[%emt 0:00:07]} Bd6 {[%emt 0:00:13]} 7. Nc3 {
[%emt 0:00:09]} Bf5 {[%emt 0:00:04]} 8. Qb3 {[%emt 0:00:00]} O-O {
[%emt 0:00:09]} 9. Qxb7 {[%emt 0:00:08]} c6 {[%emt 0:00:00]} 10. a3 {
[%emt 0:00:00]} Nbd7 {[%emt 0:00:11]} 11. Qxc6 {[%emt 0:00:04]} Nb6 {
[%emt 0:00:01]} 12. Ba2 {[%emt 0:00:05]} Re8 {[%emt 0:00:00]} 13. Qb5 {
[%emt 0:00:00]} Bd7 {[%emt 0:00:05]} 14. Qe2 {[%emt 0:00:08]} Bg4 {
[%emt 0:00:00]} 15. f3 {[%emt 0:00:06]} Bh5 {[%emt 0:00:03]} 16. Qf2 {
[%emt 0:00:05]} exf3 {[%emt 0:00:03]} 17. gxf3 {[%emt 0:00:07]} Bg6 {
[%emt 0:00:03]} 18. Nc4 {[%emt 0:00:00]} Nxc4 {[%emt 0:00:06]} 19. Bxc4 {
[%emt 0:00:02]} Rc8 {[%emt 0:00:05]} 20. b3 {[%emt 0:00:03]} Bf5 {
[%emt 0:00:00]} 21. O-O {[%emt 0:00:00]} Bc7 {[%emt 0:00:00]} 22. e4 {
[%emt 0:00:00]} Bb6 {[%emt 0:00:00]} 23. Be3 {[%emt 0:00:07]} h6 {
[%emt 0:00:03]} 24. e5 {[%emt 0:00:00]} Nd7 {[%emt 0:00:00]} 25. f4 {
[%emt 0:00:00]} Bd3 {[%emt 0:00:00]} 26. Bxd3 {[%emt 0:00:05]} Rxc3 {
[%emt 0:00:04]} 27. Qd2 {[%emt 0:00:05]} Rxb3 {[%emt 0:00:00]} 28. Qc2 {
[%emt 0:00:00]} Rxd3 {[%emt 0:00:07]} 29. Qxd3 {[%emt 0:00:03]} Nf6 {
[%emt 0:00:04]} 30. Rfd1 {[%emt 0:00:18]} Nd5 {[%emt 0:00:07]} 31. Rac1 {
[%emt 0:00:16]} Qh4 {[%emt 0:00:00]} 32. Qe4 {[%emt 0:00:00]} Qg4+ {
[%emt 0:00:00]} 33. Kh1 {[%emt 0:00:07]} Nc3 {[%emt 0:00:11]} 34. Qg2 {
[%emt 0:00:00]} Qxg2+ {[%emt 0:00:06]} 35. Kxg2 {[%emt 0:00:00]} Nxd1 {
[%emt 0:00:03]} 36. Rxd1 {[%emt 0:00:04]} Rc8 {[%emt 0:00:00]} 37. Rd3 {
[%emt 0:00:04]} Rc2+ {[%emt 0:00:10]} 38. Bf2 {[%emt 0:00:00]} Kf8 {
[%emt 0:00:00]} 39. Kf3 {[%emt 0:00:00]} Ke8 {[%emt 0:00:00]} 40. Bg3 {
[%emt 0:00:00]} g6 {[%emt 0:00:07]} 41. Ke4 {[%emt 0:00:04]} Re2+ {
[%emt 0:00:05]} 42. Kf3 {[%emt 0:00:03]} Rc2 {[%emt 0:00:05]} 43. f5 {
[%emt 0:00:07]} gxf5 {[%emt 0:00:04]} 44. Kf4 {[%emt 0:00:08]} Rc4 {
[%emt 0:00:04]} 45. Bf2 {[%emt 0:00:11]} Rc2 {[%emt 0:00:00]} 46. Rf3 {
[%emt 0:00:05]} Rc4 {[%emt 0:00:00]} 47. Kxf5 {[%emt 0:00:02]} Rc2 {
[%emt 0:00:07]} 48. Ke4 {[%emt 0:00:00]} Ra2 {[%emt 0:00:00]} 49. Bg3 {
[%emt 0:00:00]} Rd2 {[%emt 0:00:00]} 50. Rd3 {[%emt 0:00:04]} Rxd3 {
[%emt 0:00:04]} 51. Kxd3 {[%emt 0:00:01]} Ke7 {[%emt 0:00:04]} 52. d5 {
[%emt 0:00:00]} Bc5 {[%emt 0:00:00]} 53. a4 {[%emt 0:00:02]} Bb6 {
[%emt 0:00:05]} 54. Ke4 {[%emt 0:00:01]} Kf8 {[%emt 0:00:04]} 55. Kf5 {
[%emt 0:00:00]} Bd8 {[%emt 0:00:00]} 56. Bf4 {[%emt 0:00:00]} h5 {
[%emt 0:00:00]} 57. Bg5 {[%emt 0:00:02]} Bb6 {[%emt 0:00:04]} 58. h4 {
[%emt 0:00:00]} Bd4 {[%emt 0:00:00]} 59. Bf6 {[%emt 0:00:00]} Be3 {
[%emt 0:00:00]} 60. e6 {[%emt 0:00:00]} fxe6+ {[%emt 0:00:00]} 61. Kxe6 1-0

[Event "XIII Konik Morski Rewala - Open B"]
[Site "Rewal"]
[Date "2008.08.20"]
[Round "1"]
[White "Poswiatowski, Michal"]
[Black "Skwarnicki, Adam"]
[Result "1-0"]
[WhiteElo "1775"]
[BlackElo "2053"]
[PlyCount "133"]
[EventDate "2008.??.??"]

1. e4 e6 2. d4 d5 3. Nc3 Bb4 4. e5 c5 5. Bd2 a6 6. a3 Bxc3 7. Bxc3 Nc6 8. Ne2
c4 9. f4 Nh6 10. Ng3 Qh4 11. Qf3 Nf5 12. O-O-O Nxg3 13. Qxg3 Qxg3 14. hxg3 b5
15. b3 Bd7 16. Be2 a5 17. Be1 Rc8 18. Kb1 O-O 19. g4 Rc7 20. Bf2 f6 21. exf6
gxf6 22. Bg3 f5 23. gxf5 exf5 24. Bf1 Be6 25. Rh6 Nd8 26. Bh4 cxb3 27. cxb3 Bf7
28. Bf6 Rd7 29. g4 Bg6 30. g5 Nf7 31. Rh2 Rc8 32. Rc1 Rxc1+ 33. Kxc1 Nd8 34.
Rc2 Ne6 35. Be5 Rd8 36. Rc6 Bf7 37. Rb6 b4 38. axb4 axb4 39. Rxb4 Rc8+ 40. Kb2
Nc7 41. Rb7 Na6 42. Be2 h5 43. Bxa6 h4 44. Bf1 Kf8 45. Rb8 Rxb8 46. Bxb8 Ke7
47. Kc2 Bh5 48. Kd2 Bg4 49. Ke3 h3 50. Kf2 h2 51. Kg2 Bh3+ 52. Kxh2 Bxf1 53.
Be5 Kf7 54. Kg3 Be2 55. Kf2 Bd1 56. b4 Ba4 57. Ke3 Be8 58. Kd3 Ke6 59. g6 Bxg6
60. b5 Kd7 61. Kc3 Kc8 62. Kb4 Kb7 63. Kc5 Be8 64. b6 Ba4 65. Bc7 Bb3 66. Kd6
Bc4 67. Ke6 1-0

[Event "XIII Konik Morski Rewala - Open B"]
[Site "Rewal"]
[Date "2008.08.20"]
[Round "1"]
[White "Szewczyk, Janusz"]
[Black "Major, Katarzyna"]
[Result "1/2-1/2"]
[WhiteElo "2048"]
[BlackElo "1768"]
[PlyCount "81"]
[EventDate "2008.??.??"]

1. e4 Nf6 2. Nc3 d5 3. e5 d4 4. exf6 dxc3 5. fxg7 cxd2+ 6. Bxd2 Bxg7 7. Qh5 Qd4
8. Nf3 Qe4+ 9. Be2 Nc6 10. Qxf7+ Kxf7 11. Ng5+ Ke8 12. Nxe4 Bxb2 13. Bh5+ Kf8
14. Rb1 Bg7 15. O-O b6 16. Rbd1 Bf5 17. f3 Bd4+ 18. Kh1 Kg7 19. Ng3 Bxc2 20.
Rc1 Ba4 21. Rc4 Bb5 22. Rfc1 Bxc4 23. Rxc4 Bc5 24. Rg4+ Kf6 25. Rf4+ Ke6 26.
Bg4+ Kd5 27. Rf5+ Kc4 28. Rf4+ Kb5 29. Bd7 Rad8 30. a4+ Ka6 31. Bxc6 Rxd2 32.
h4 Rg8 33. Kh2 Bd6 34. Rg4 Rxg4 35. fxg4 Rc2 36. Bf3 Ra2 37. Kh3 Bxg3 38. Kxg3
Rxa4 39. g5 e6 40. h5 Ra5 41. Kg4 1/2-1/2

[Event "XIII Konik Morski Rewala - Open B"]
[Site "Rewal"]
[Date "2008.08.20"]
[Round "1"]
[White "Galaszewski, Patryk"]
[Black "Czernicki, Bogdan"]
[Result "0-1"]
[WhiteElo "1755"]
[BlackElo "2032"]
[PlyCount "118"]
[EventDate "2008.??.??"]

1. d4 Nf6 2. c4 c5 3. Nf3 g6 4. Nc3 cxd4 5. Nxd4 Nc6 6. e4 d6 7. Be3 Bg7 8. f3
O-O 9. Bd3 Ng4 10. Nxc6 Nxe3 11. Nxd8 Nxd1 12. Nxd1 Rxd8 13. Rc1 b6 14. Nc3 Bb7
15. Ke2 Rd7 16. b4 Rc8 17. Rc2 e6 18. Rhc1 f5 19. Nb5 a6 20. Nc3 Rdc7 21. b5
Bxc3 22. bxa6 Bxa6 23. Rxc3 b5 24. cxb5 Rxc3 25. Rxc3 Rxc3 26. bxa6 fxe4 27.
fxe4 Kf7 28. a4 Rc7 29. Ke3 e5 30. Bb5 Ke7 31. Kd3 Kd8 32. Bc4 Kc8 33. h4 Kb8
34. g4 h6 35. h5 gxh5 36. gxh5 Ka7 37. Bb5 Kb6 38. Bc4 Rg7 39. Ke3 Rg5 40. Be2
Rg3+ 41. Kd2 Rh3 42. Kc2 Ra3 43. Bb5 Ra2+ 44. Kc3 Rh2 45. Be8 Kxa6 46. Kc4 Rd2
47. Kb3 Rd4 48. Bc6 Kb6 49. Bd5 Rxd5 50. exd5 Kc5 51. Kc3 Kxd5 52. Kb4 Kc6 53.
Ka5 e4 54. Ka6 e3 55. Ka7 e2 56. a5 e1=Q 57. a6 Kc7 58. Ka8 Qe8+ 59. Ka7 Qb8#
0-1

[Event "XIII Konik Morski Rewala - Open B"]
[Site "Rewal"]
[Date "2008.08.20"]
[Round "1"]
[White "Pienkos, Slawomir"]
[Black "Wozniak, Bartosz"]
[Result "1-0"]
[WhiteElo "2026"]
[BlackElo "1737"]
[PlyCount "69"]
[EventDate "2008.??.??"]

1. e4 c5 2. f4 d5 3. e5 e6 4. Nf3 Ne7 5. Bb5+ Nec6 6. O-O c4 7. d4 cxd3 8. Bxd3
Bc5+ 9. Kh1 Nd7 10. Ng5 g6 11. Nc3 Nb6 12. Qg4 Ne7 13. Qh3 h5 14. a4 Bd7 15.
Bd2 Nf5 16. a5 Nc8 17. Rae1 Nce7 18. Ne2 Ng8 19. g4 Nd4 20. Nxd4 Bxd4 21. f5
gxf5 22. gxf5 exf5 23. e6 fxe6 24. Nxe6 Bxe6 25. Rxe6+ Kf7 26. Bxf5 Nf6 27. c3
Bc5 28. Bg5 Be7 29. Bd3 d4 30. Qf5 Qd7 31. Rxf6+ Ke8 32. Bb5 Bxf6 33. Qxd7+ Kf8
34. Bxf6 Rg8 35. Qe7# 1-0

[Event "XIII Konik Morski Rewala - Open B"]
[Site "Rewal"]
[Date "2008.08.20"]
[Round "1"]
[White "Krzysztofiak, Zdzislaw"]
[Black "Turcheniac, Mariya"]
[Result "1/2-1/2"]
[WhiteElo "1734"]
[BlackElo "2024"]
[PlyCount "69"]
[EventDate "2008.??.??"]

1. e4 d5 2. exd5 Qxd5 3. Nc3 Qd6 4. d4 Nf6 5. Bc4 a6 6. a3 Nc6 7. Be3 Bf5 8.
Nf3 e6 9. Nh4 Bg4 10. f3 Bh5 11. g4 Bg6 12. Nxg6 hxg6 13. Qd2 O-O-O 14. O-O-O
e5 15. d5 Nb8 16. Ne4 Nxe4 17. fxe4 Nd7 18. Qa5 Be7 19. Be2 Rh3 20. Rd3 Rxe3
21. Rxe3 Bg5 22. Kd2 Rh8 23. h3 Qc5 24. Qxc5 Nxc5 25. Bf3 Nd7 26. Ke2 Bxe3 27.
Kxe3 g5 28. b4 Nf8 29. c4 Ng6 30. Bg2 Nf4 31. Bf1 Rh6 32. c5 Kd8 33. a4 Ke7 34.
b5 a5 35. Kd2 1/2-1/2

[Event "XIII Konik Morski Rewala - Open B"]
[Site "Rewal"]
[Date "2008.08.20"]
[Round "1"]
[White "Giemza, Joanna"]
[Black "Biszof, Henryk"]
[Result "0-1"]
[WhiteElo "2024"]
[BlackElo "1728"]
[PlyCount "102"]
[EventDate "2008.??.??"]

1. e4 c5 2. Nc3 Nc6 3. d3 d6 4. g3 Nf6 5. Bg2 e5 6. f4 exf4 7. Bxf4 Bg4 8. Qd2
Be7 9. h3 Be6 10. Nd5 Bxd5 11. exd5 Nd4 12. Ne2 Nxe2 13. Qxe2 O-O 14. O-O Re8
15. Kh2 Nd7 16. Qf2 Rf8 17. Rae1 Nb6 18. Qf3 Bg5 19. Qh5 Bxf4 20. Rxf4 Nd7 21.
Ref1 Qe7 22. Rh4 h6 23. Rhf4 Ne5 24. Be4 Qg5 25. Qe2 Rac8 26. Rf5 Qd8 27. Qd2
c4 28. d4 Nd7 29. c3 Qe7 30. Bg2 Rce8 31. R1f2 Nb6 32. Qf4 Rc8 33. Qf3 Nd7 34.
Re2 Qd8 35. Qf4 g6 36. Rfe5 dxe5 37. dxe5 Qg5 38. Qd4 Nb6 39. e6 fxe6 40. Rxe6
Rce8 41. h4 Qf5 42. Qe3 Rxe6 43. dxe6 Re8 44. Bh3 Qc2+ 45. Bg2 Qf5 46. Bh3 Qf8
47. Qe4 Qf2+ 48. Bg2 Qf6 49. Qxb7 Rxe6 50. Qxa7 Re2 51. Qb8+ Kg7 0-1

[Event "XIII Konik Morski Rewala - Open B"]
[Site "Rewal"]
[Date "2008.08.20"]
[Round "1"]
[White "Ryszkiewicz, Anna"]
[Black "Sokolowski, Krzysztof"]
[Result "0-1"]
[WhiteElo "1719"]
[BlackElo "2021"]
[PlyCount "64"]
[EventDate "2008.??.??"]

1. e4 c5 2. Nf3 d6 3. d4 cxd4 4. Nxd4 Nf6 5. Nc3 a6 6. f3 e5 7. Nb3 Be7 8. Be3
Be6 9. Qd2 O-O 10. O-O-O b5 11. g4 Nbd7 12. Kb1 b4 13. Nd5 Bxd5 14. exd5 Nb6
15. Bxb6 Qxb6 16. h4 a5 17. Qd3 a4 18. Nd2 Rfc8 19. Nc4 Qc5 20. h5 Nd7 21. Qf5
Nf8 22. g5 b3 23. cxb3 axb3 24. a3 Qf2 25. Bd3 Rc7 26. g6 fxg6 27. hxg6 hxg6
28. Qh3 Rxc4 29. Rhf1 Rh4 30. Rxf2 Rxh3 31. Bc4 Rb8 32. Re1 Bh4 0-1

[Event "XIII Konik Morski Rewala - Open B"]
[Site "Rewal"]
[Date "2008.08.20"]
[Round "1"]
[White "Markiewicz, Mateusz"]
[Black "Adamus, Filip"]
[Result "1-0"]
[WhiteElo "2013"]
[BlackElo "1716"]
[PlyCount "61"]
[EventDate "2008.??.??"]

1. e4 c5 2. Nf3 e6 3. d4 cxd4 4. Nxd4 Nf6 5. Bd3 Nc6 6. Nb3 d5 7. exd5 exd5 8.
O-O Be7 9. h3 O-O 10. Nc3 Be6 11. Bg5 d4 12. Ne2 h6 13. Bh4 Bxb3 14. axb3 Qb6
15. Bxf6 Bxf6 16. Nf4 Nb4 17. Qf3 Nxd3 18. Qxd3 Qc5 19. Rfd1 Rfd8 20. Ne2 Rac8
21. Rd2 a6 22. Ra4 Rc7 23. Ng3 Rcd7 24. Ne4 Qb6 25. Nxf6+ Qxf6 26. Ra1 Qf4 27.
Rad1 Rd6 28. g3 Qe5 29. Re2 Qf6 30. Rde1 R6d7 31. Re8+ 1-0

[Event "XIII Konik Morski Rewala - Open B"]
[Site "Rewal"]
[Date "2008.08.20"]
[Round "1"]
[White "Delekta, Anna"]
[Black "Solnicki, Michal"]
[Result "0-1"]
[WhiteElo "1706"]
[BlackElo "2010"]
[PlyCount "58"]
[EventDate "2008.??.??"]

1. e4 c5 2. Nf3 g6 3. d4 cxd4 4. Nxd4 Bg7 5. Be3 Nc6 6. Nc3 Nf6 7. f3 O-O 8.
Qd2 d5 9. Nxc6 bxc6 10. exd5 Nxd5 11. Rd1 Rb8 12. Nxd5 cxd5 13. b3 Qc7 14. c4
Rd8 15. Be2 Bf5 16. Qc1 d4 17. Bf2 d3 18. Bf1 d2+ 19. Rxd2 Rxd2 20. Qxd2 Rd8
21. Bg3 Qb6 22. c5 Qe6+ 23. Qe2 Bc3+ 24. Kf2 Bd4+ 25. Ke1 Bc3+ 26. Kf2 Rd2 27.
Bf4 Bd4+ 28. Ke1 Rxe2+ 29. Bxe2 Bd3 0-1

[Event "XIII Konik Morski Rewala - Open B"]
[Site "Rewal"]
[Date "2008.08.20"]
[Round "1"]
[White "Zanin, Dario"]
[Black "Gora, Jan"]
[Result "0-1"]
[WhiteElo "2000"]
[BlackElo "1678"]
[PlyCount "110"]
[EventDate "2008.??.??"]

1. e4 c5 2. Nf3 e6 3. d4 cxd4 4. Nxd4 a6 5. Nc3 Qc7 6. Be2 Nc6 7. O-O Nf6 8.
Be3 Bb4 9. Nxc6 bxc6 10. Na4 Rb8 11. Qd4 Bd6 12. f4 Rb4 13. c4 e5 14. Qd1 Nxe4
15. c5 Be7 16. a3 Rb5 17. Bxb5 axb5 18. Nb6 O-O 19. b4 d5 20. cxd6 Bxd6 21.
Nxc8 Rxc8 22. fxe5 Bxe5 23. Qh5 Bxa1 24. Rxa1 Nf6 25. Qg5 h6 26. Qf5 Nd5 27.
Bd4 Re8 28. Qg4 f6 29. Rf1 Kh8 30. Qg6 Qe7 31. Bc5 Qe6 32. h3 Kg8 33. Rf3 Qe4
34. Qxe4 Rxe4 35. Kf2 Kf7 36. g3 Rc4 37. Rd3 Rc2+ 38. Kf3 g5 39. Ke4 h5 40. g4
hxg4 41. hxg4 Kg6 42. Rh3 Rc4+ 43. Bd4 Nf4 44. Rf3 Rc2 45. Bc3 Rg2 46. Kd4 Nd5
47. Kc5 Rc2 48. Kd4 Nxc3 49. Rxc3 Rxc3 50. Kxc3 f5 51. Kd4 f4 52. Kc5 f3 53.
Kxc6 f2 54. Kxb5 f1=Q+ 55. Ka5 Qg2 0-1

[Event "XIII Konik Morski Rewala - Open B"]
[Site "Rewal"]
[Date "2008.08.20"]
[Round "1"]
[White "Sieliwonik, Katarzyna"]
[Black "Wojtaszewski, Piotr"]
[Result "0-1"]
[WhiteElo "1676"]
[BlackElo "1998"]
[PlyCount "112"]
[EventDate "2008.??.??"]

1. e4 g6 2. d4 Bg7 3. Nf3 d5 4. Nc3 dxe4 5. Nxe4 Nd7 6. c3 Ngf6 7. Nxf6+ Nxf6
8. Bd3 O-O 9. h3 b6 10. O-O Bb7 11. Re1 e6 12. Bf4 Rc8 13. Qe2 Nh5 14. Bh2 c5
15. dxc5 bxc5 16. Red1 Qb6 17. Ne5 Bxe5 18. Bxe5 f6 19. Bh2 Ng7 20. Bc4 Rfd8
21. Rab1 Kf8 22. Bb3 Ba6 23. Qf3 Nf5 24. Re1 e5 25. Bc2 Bb7 26. Be4 Bxe4 27.
Qxe4 Qc6 28. Qxc6 Rxc6 29. f4 exf4 30. Bxf4 g5 31. Bh2 c4 32. Rf1 Ne3 33. Rf3
Re6 34. Re1 Rd1 35. Rxd1 Nxd1 36. Rf1 Nxb2 37. Rb1 Nd3 38. Rb8+ Kf7 39. Bg3 Re2
40. Rb7+ Kg6 41. Rc7 Nb2 42. Rc6 Nd1 43. a4 Re4 44. Rc7 Nxc3 45. Rxa7 Nd5 46.
Ra5 Rd4 47. Rc5 c3 48. a5 Rd2 49. Be1 Nf4 50. Rxc3 Rxg2+ 51. Kf1 Ra2 52. Rb3
Ne6 53. Rb6 Nc5 54. Bc3 Na4 55. Be1 Ra3 56. Kg2 Kf5 0-1

[Event "XIII Konik Morski Rewala - Open B"]
[Site "Rewal"]
[Date "2008.08.20"]
[Round "1"]
[White "Witek, Pawel"]
[Black "Grochocinska, Urszula"]
[Result "1-0"]
[WhiteElo "1998"]
[BlackElo "1665"]
[PlyCount "83"]
[EventDate "2008.??.??"]

1. d4 d5 2. c4 e6 3. cxd5 exd5 4. Nc3 Nf6 5. Bg5 Be6 6. e3 c5 7. Bb5+ Nc6 8.
Nf3 Bd6 9. dxc5 Bxc5 10. Ne5 O-O 11. Nxc6 bxc6 12. Bxc6 Rb8 13. O-O d4 14. Ne4
Be7 15. Qxd4 Qxd4 16. exd4 Rfc8 17. Bxf6 gxf6 18. d5 Bf5 19. Ng3 Bd3 20. Rfd1
Bc2 21. Rd2 Bg6 22. a3 Bd6 23. b4 Bf4 24. Re2 Be5 25. Rd1 Rd8 26. Ne4 Rb6 27.
b5 a6 28. a4 axb5 29. axb5 Bxe4 30. Rxe4 Kf8 31. f4 Bd6 32. g3 f5 33. Ra4 Bc5+
34. Kg2 Rbb8 35. Rda1 Ke7 36. Kh3 Kf6 37. Kh4 Rg8 38. Ra6 Rg6 39. Kh3 Ke7 40.
Ra8 Rxa8 41. Rxa8 Kd6 42. Rd8+ 1-0

[Event "XIII Konik Morski Rewala - Open B"]
[Site "Rewal"]
[Date "2008.08.20"]
[Round "1"]
[White "Lewczuk, Antoni"]
[Black "Hasinski, Krystian"]
[Result "0-1"]
[WhiteElo "1646"]
[BlackElo "1990"]
[PlyCount "104"]
[EventDate "2008.??.??"]

1. c4 e5 2. b3 Nc6 3. Bb2 f5 4. g3 Nf6 5. Bg2 d6 6. e3 Be7 7. Ne2 O-O 8. O-O
Qe8 9. d4 e4 10. Nbc3 Qh5 11. Nf4 Qh6 12. Nfd5 Bd8 13. Nxf6+ Bxf6 14. Nd5 Bd8
15. Qd2 Ne7 16. Nf4 g5 17. Ne2 Ng6 18. f4 gxf4 19. Nxf4 Nxf4 20. gxf4 Bd7 21.
Kh1 Bf6 22. Rg1 Kf7 23. d5 Rg8 24. Bxf6 Kxf6 25. Qf2 Be8 26. Bf1 Bh5 27. Be2
Kf7 28. Raf1 Bxe2 29. Qxe2 a5 30. Qf2 Qh3 31. Rg5 Rxg5 32. fxg5 Kg6 33. Rg1 b6
34. Rg3 Qh5 35. h3 Qd1+ 36. Kh2 a4 37. Qb2 Rf8 38. Qc3 a3 39. Rg2 Qf3 40. Qd2
f4 41. exf4 Rxf4 42. Rg3 Qf2+ 43. Rg2 Qxd2 44. Rxd2 Kxg5 45. Re2 Kf5 46. Kg2
Ke5 47. Kg3 h5 48. Re3 h4+ 49. Kg2 Kd4 50. Re2 Kd3 51. Rf2 Rxf2+ 52. Kxf2 Kd2
0-1

[Event "XIII Konik Morski Rewala - Open B"]
[Site "Rewal"]
[Date "2008.08.20"]
[Round "1"]
[White "Janicki, Jacek"]
[Black "Murawko, Katarzyna"]
[Result "1-0"]
[WhiteElo "1985"]
[BlackElo "1622"]
[PlyCount "73"]
[EventDate "2008.??.??"]

1. d4 Nf6 2. Nf3 g6 3. Bg5 Bg7 4. Bxf6 Bxf6 5. e3 O-O 6. h4 c5 7. c3 Qb6 8. Qc2
d5 9. dxc5 Qxc5 10. h5 Bf5 11. Bd3 Bxd3 12. Qxd3 Nc6 13. hxg6 fxg6 14. Nbd2
Rad8 15. Nb3 Qc4 16. O-O-O b6 17. Qxc4 dxc4 18. Nbd4 Nxd4 19. exd4 Rfe8 20.
Rde1 Rd5 21. Re6 Rd6 22. Re2 Rd5 23. Rhe1 Kf7 24. Kc2 b5 25. Nd2 Rc8 26. Ne4
Rc7 27. Nc5 a5 28. Re6 Rd6 29. g3 Rxe6 30. Nxe6 Rd7 31. f4 b4 32. Nc5 Rd5 33.
Ne4 Rh5 34. Re2 Rh1 35. Nd2 Rg1 36. Nxc4 Rxg3 37. Nxa5 1-0

[Event "XIII Konik Morski Rewala - Open B"]
[Site "Rewal"]
[Date "2008.08.20"]
[Round "1"]
[White "Sokolowski, Jakub"]
[Black "Wasik, Piotr"]
[Result "0-1"]
[WhiteElo "1619"]
[BlackElo "1973"]
[PlyCount "58"]
[EventDate "2008.??.??"]

1. e4 c5 2. Nf3 e6 3. d4 cxd4 4. Nxd4 a6 5. Bd3 Qc7 6. O-O Nf6 7. Re1 d6 8. Bg5
Be7 9. Kh1 Nxe4 10. Bxe4 Bxg5 11. Nb3 Nd7 12. Nc3 g6 13. Qg4 Bf6 14. Qf3 O-O
15. Rad1 Bxc3 16. bxc3 d5 17. Bd3 Qxc3 18. h4 Qf6 19. Qg3 h5 20. f4 b5 21. Be2
Kh8 22. Bf3 Bb7 23. Rf1 Rac8 24. Rc1 Rc3 25. Qh2 Rfc8 26. g4 Rxf3 27. Rxf3 d4
28. Qg3 Bxf3+ 29. Qxf3 Qxh4+ 0-1

[Event "XIII Konik Morski Rewala - Open B"]
[Site "Rewal"]
[Date "2008.08.20"]
[Round "1"]
[White "Liberadzki, Slawomir"]
[Black "Statucki, Maciej"]
[Result "1/2-1/2"]
[WhiteElo "1969"]
[BlackElo "1568"]
[PlyCount "134"]
[EventDate "2008.??.??"]

1. e4 c5 2. c3 d5 3. exd5 Qxd5 4. d4 Nc6 5. Be3 cxd4 6. cxd4 e6 7. Nc3 Qa5 8.
Nf3 Nf6 9. Bd3 Bb4 10. Bd2 Qd8 11. Be3 O-O 12. O-O Bd7 13. Rc1 Ne7 14. Ne5 Ned5
15. Bg5 Bxc3 16. bxc3 Bc6 17. Nxc6 bxc6 18. Qf3 h6 19. Bh4 Rb8 20. Rfd1 Rb2 21.
a3 g5 22. Bg3 g4 23. Bh7+ Kxh7 24. Qd3+ Kg7 25. c4 Ne7 26. f3 gxf3 27. Qxf3 Nf5
28. d5 cxd5 29. Be5 Ra2 30. cxd5 Qb6+ 31. Kh1 Qf2 32. Rg1 Kg6 33. Rcf1 Qxf3 34.
gxf3+ Kh7 35. Bxf6 exd5 36. Rd1 Rxa3 37. Rxd5 Rxf3 38. Ba1 Rg8 39. Ra5 Rxg1+
40. Kxg1 Ne3 41. h4 Nf5 42. h5 Ng7 43. Bxg7 Kxg7 44. Kg2 Re3 45. Kf2 Rb3 46.
Kg2 a6 47. Rxa6 Rb5 48. Kf3 Rxh5 49. Kf4 Rb5 50. Kg4 f6 51. Ra8 Rb1 52. Kg3 Kg6
53. Rg8+ Kf5 54. Rh8 Rg1+ 55. Kh4 Kf4 56. Kh3 f5 57. Kh2 Rg5 58. Ra8 Kg4 59.
Kg2 Rg6 60. Ra4+ f4 61. Ra8 h5 62. Ra7 f3+ 63. Kf2 Rf6 64. Rg7+ Kh3 65. Rg1 Kh2
66. Rg5 h4 67. Rh5 Rf4 1/2-1/2

[Event "XIII Konik Morski Rewala - Open B"]
[Site "Rewal"]
[Date "2008.08.20"]
[Round "1"]
[White "Piotrowski, Arkadiusz"]
[Black "Wieclawska, Katarzyna"]
[Result "1-0"]
[WhiteElo "1955"]
[BlackElo "1555"]
[PlyCount "53"]
[EventDate "2008.??.??"]

1. e4 c6 2. d4 d5 3. e5 e6 4. Bd3 Nd7 5. f4 c5 6. c3 cxd4 7. cxd4 Bb4+ 8. Nc3
Nb6 9. a3 Bxc3+ 10. bxc3 Bd7 11. Nf3 Rc8 12. Bd2 Na4 13. Qb3 Qc7 14. O-O Ne7
15. Rac1 O-O 16. Ng5 h6 17. Nf3 Qb8 18. Bb1 b5 19. Nh4 Nb6 20. Qc2 g6 21. f5
Nxf5 22. Nxf5 exf5 23. Bxh6 Kh7 24. Bg5 Nc4 25. Qf2 Rh8 26. Bf6 Kg8 27. Bxh8
1-0

[Event "XIII Konik Morski Rewala - Open B"]
[Site "Rewal"]
[Date "2008.08.20"]
[Round "1"]
[White "Paterek, Diana"]
[Black "Botor, Michal"]
[Result "0-1"]
[WhiteElo "1429"]
[BlackElo "1948"]
[PlyCount "64"]
[EventDate "2008.??.??"]

1. d4 d5 2. Nf3 e6 3. g3 c5 4. e3 Nc6 5. Bg2 Nf6 6. O-O b5 7. Re1 Bb7 8. Nbd2
Be7 9. b3 c4 10. Bb2 O-O 11. Qe2 Nb4 12. Rec1 Rc8 13. Bc3 cxb3 14. cxb3 Qb6 15.
Bxb4 Bxb4 16. Ne5 Qa5 17. Ndf3 Ne4 18. Nd3 Ba3 19. Rxc8 Rxc8 20. Qe1 b4 21. Qd1
Ba6 22. Nfe1 Nc3 23. Qd2 Bb5 24. Bf1 Qc7 25. Bg2 a5 26. Bf3 h6 27. h4 e5 28.
Nxe5 Ne4 29. Bxe4 dxe4 30. Ng4 Qc3 31. Qd1 Be2 32. Qxe2 Qxa1 0-1